Alexandre Millerand et sa présidence - Statistiques

Statistiques générales
  • Ce quiz a été pris 46 fois
  • Le résultat moyen est 9 sur 20
Statistiques - réponses
Groupe Indices Réponses % Correct
Biographie Parti dont il fut membre avant de se rapprocher du centre-droit Parti socialiste
90%
Biographie Profession de formation Avocat/Journaliste
78%
Bibliographie Ouvrage dans lequel il commente la réintégration d'une région historique française après la défaite allemande de 1918 Le Retour de l'{Alsace}-{Lorraine} à la France
78%
Présidence Etiquette sous laquelle il se présenta Indépendant
71%
Citations Taisez-vous! Méfiez-vous! Les oreilles ennemies vous {écoutent}.
68%
Biographie Fonction de chef de gouvernement occupée en 1920 Président du Conseil
66%
Biographie Université fréquentée Université de Paris
59%
Famille Mère (portant le même nom qu'une préfecture française) Mélanie Caen
56%
Biographie Prédécesseur qu'il convainquit un temps de ne pas démissionner et auprès de qui il occupa cette fonction Paul Deschanel
51%
Présidence Coalition électorale de gauche qui l'y poussa {Cartel} des gauches
49%
Présidence Elle mit fin à son mandat Démission
49%
Présidence Etat avec lequel il tenta de renouer des relations diplomatiques, rompues depuis 1905 Vatican
44%
Présidence Discours lors duquel il fait entendre sa volonté de ne pas respecter la Constitution Grévy, prononcé dans la préfecture de l'Eure Discours d'{Evreux}
41%
Présidence Région allemande dont l'occupation est décidée en raison d'un non-paiement des indemnités de guerre Ruhr
41%
Présidence Président du Conseil, en étant à son septième mandat à ce poste Aristide Briand
29%
Biographie Ancien département dont il fut député pendant près de trente-cinq ans Seine
29%
Citations Je souhaite incarner un pouvoir {exécutif} libre.
20%
Bibliographie Essai dans lequel il défend le caractère non-révolutionnaire d'une partie de la gauche française Le {Socialisme} réformiste français
17%
Présidence Adversaire socialiste, maire de Lille Gustave Delory
7%
Famille Epouse Jeanne Levayer
5%
Aucun quiz correspondant
Distribution des résultats
% des personnes avec chaque résultat
Percentile par nombre de réponses
Votre historique - résultats
Vous n’avez pas pris ce quiz